| 000 | 00442nam a22001337a 4500 | ||
|---|---|---|---|
| 082 |
_a388.044091724 _bDEV _cD |
||
| 110 |
_aPTRC Education and Research Services Ltd. _938480 |
||
| 245 |
_aDeveloping countries freight _cPTRC Education and Research Services Ltd. |
||
| 260 |
_aEngland _bPTRC Education and Research Services Ltd. _c1985 |
||
| 300 | _a61 p.: | ||
| 526 |
_a0 _b0 _c0 _d388_044091724000000_DEV |
||
| 650 |
_aMCE _9379 |
||
| 942 |
_2ddc _cBK |
||
| 999 |
_c543105 _d543105 |
||